000 00358cam a22001217a 4500
008 180718b2001 xxu||||| |||| 00| 0 eng d
020 _a81 7033 665 1(HB)
100 _aRawat, Harikrishan
245 _aSamajsashtriya chintak avoim sidhantkar
_cby Harikrishan Rawat
260 _aJaipur
_bRaawat Publication
_c2001
300 _a323p.
650 _aSamajsashtriya
999 _c439238
_d439238